00309nam a2200121Ia 4500008004100000100003100041245003600072250001200108260003600120300000900156942000700165999001500172190216s9999||||xx |||||||||||||| ||und|| aGordon E & Natarajan K 0aBanking Theory Law And Practice a2nd Edn bHimalaya Publishing Housec1998 a491p cBK c7881d7881